| 000 | 00382nam a2200133Ia 4500 | ||
|---|---|---|---|
| 008 | 221216s9999||||xx |||||||||||||| ||und|| | ||
| 020 | _a978-007-108616-5 | ||
| 040 | _cChuka University Library | ||
| 050 |
_aG 70.212 _b.C4735 2012 |
||
| 100 |
_aChang, kang-tsung _9969 |
||
| 245 | 0 | _aIntroduction to Geographic information systems | |
| 260 |
_aMCGraw-Hill _bBoston _c2012 |
||
| 942 | _cBK | ||
| 999 |
_c3302 _d3302 |
||